[Event "Hradec Kralove op"]
[Site "Hradec Kralove"]
[Date "2015.10.08"]
[Round "6"]
[White "Cerny, David"]
[Black "Saikrishnan, Sai"]
[Result "1/2-1/2"]
[WhiteElo "1949"]
[BlackElo "2005"]
[PlyCount "52"]
[EventDate "2015.10.04"]
[EventType "swiss"]
[EventRounds "9"]
[EventCountry "CZE"]
[SourceTitle "CBM 168 Extra"]
[Source "ChessBase"]
[SourceDate "2015.10.29"]
[SourceVersion "1"]
[SourceVersionDate "2015.10.29"]
[SourceQuality "1"]

1. e4 c5 2. Nf3 Nc6 3. d4 cxd4 4. Nxd4 Qb6 5. Nxc6 bxc6 6. Nc3 e5 7. Bc4 Nf6 8. 0-0 Be7 9. Qf3 d6 10. Kh1 0-0 11. Qg3 Qc7 12. f4 exf4 13. Qxf4 Be6 14. Bd3 Ng4 15. Qg3 Ne5 16. Bh6 Ng6 17. Be3 Qd7 18. Bf4 f5 19. exf5 Bxf5 20. Ne2 Bxd3 21. Qxd3 Nxf4 22. Nxf4 Bf6 23. c3 Be5 24. Nh3 g6 25. Rxf8+ Rxf8 26. Rf1 Rxf1+ 1/2-1/2

[Event "Hradec Kralove op"]
[Site "Hradec Kralove"]
[Date "2015.10.04"]
[Round "1"]
[White "Saikrishnan, Sai"]
[Black "Navratilova, Alena"]
[Result "1-0"]
[WhiteElo "2005"]
[BlackElo "1669"]
[PlyCount "53"]
[EventDate "2015.10.04"]
[EventType "swiss"]
[EventRounds "9"]
[EventCountry "CZE"]
[SourceTitle "CBM 168 Extra"]
[Source "ChessBase"]
[SourceDate "2015.10.29"]
[SourceVersion "1"]
[SourceVersionDate "2015.10.29"]
[SourceQuality "1"]

1. d4 Nf6 2. c4 g6 3. Nc3 Bg7 4. e4 d6 5. Nf3 0-0 6. Be2 Nbd7 7. 0-0 c5 8. d5 a6 9. a4 Re8 10. h3 Nf8 11. Bf4 Nh5 12. Bh2 f5 13. exf5 gxf5 14. Ng5 Nf6 15. Bh5 Nxh5 16. Qxh5 e5 17. dxe6 Bxe6 18. Rad1 Bxc4 19. Bxd6 Qf6 20. Bxf8 h6 21. Bxg7 Qxg7 22. Nf3 Bxf1 23. Kxf1 Qf6 24. Nd5 Qxb2 25. Qg6+ Kf8 26. Qxh6+ Kf7 27. Ng5+ 1-0

[Event "SUI-ch 113th"]
[Site "Graechen"]
[Date "2013.07.17"]
[Round "7"]
[White "Saikrishnan, Sai"]
[Black "Leutwyler, Martin"]
[Result "1/2-1/2"]
[WhiteElo "1912"]
[BlackElo "2180"]
[PlyCount "57"]
[EventDate "2013.07.11"]
[EventType "swiss"]
[EventRounds "9"]
[EventCountry "SUI"]
[SourceTitle "CBM 155 Extra"]
[Source "ChessBase"]
[SourceDate "2013.08.26"]
[SourceVersion "1"]
[SourceVersionDate "2013.08.26"]
[SourceQuality "1"]

1. d4 Nf6 2. c4 e6 3. Nf3 Bb4+ 4. Bd2 a5 5. g3 d6 6. Bg2 Nbd7 7. a3 Bxd2+ 8. Nbxd2 e5 9. e3 a4 10. 0-0 0-0 11. Qc2 Re8 12. Rad1 c6 13. d5 cxd5 14. cxd5 Nc5 15. e4 b6 16. Rfe1 Ba6 17. Bf1 Bxf1 18. Kxf1 b5 19. Ra1 Qa5 20. b4 axb3 21. Nxb3 Qa4 22. Nfd2 Rec8 23. Qb1 Nxb3 24. Qxb3 Qxb3 25. Nxb3 Rc3 26. Nd2 Rcxa3 27. Rxa3 Rxa3 28. Rb1 g6 29. Rxb5 1/2-1/2

[Event "SUI-ch 113th"]
[Site "Graechen"]
[Date "2013.07.14"]
[Round "4"]
[White "Hugentobler, Patrick"]
[Black "Saikrishnan, Sai"]
[Result "1/2-1/2"]
[WhiteElo "2238"]
[BlackElo "1912"]
[PlyCount "72"]
[EventDate "2013.07.11"]
[EventType "swiss"]
[EventRounds "9"]
[EventCountry "SUI"]
[SourceTitle "CBM 155 Extra"]
[Source "ChessBase"]
[SourceDate "2013.08.26"]
[SourceVersion "1"]
[SourceVersionDate "2013.08.26"]
[SourceQuality "1"]

1. e4 e5 2. Nf3 Nc6 3. Bb5 a6 4. Bxc6 dxc6 5. 0-0 Be6 6. Nxe5 Qd4 7. Nf3 Qxe4 8. Ng5 Qf5 9. Nxe6 fxe6 10. d3 Nf6 11. Qe2 0-0-0 12. Nc3 Bc5 13. Be3 Bd6 14. f4 e5 15. Qf3 Ng4 16. Ne4 Rhf8 17. Nxd6+ cxd6 18. Bb6 Rde8 19. h3 Nf6 20. fxe5 Qxf3 21. Rxf3 Rxe5 22. Raf1 Re2 23. R1f2 Rfe8 24. Bd4 Rxf2 25. Kxf2 Re6 26. Bxf6 gxf6 27. Rg3 Kd7 28. Rg7+ Re7 29. Rxe7+ Kxe7 30. Kf3 f5 31. Kf4 Kf6 32. d4 b6 33. c4 c5 34. d5 a5 35. b3 Kg6 36. h4 h5 1/2-1/2

[Event "SUI-ch 113th"]
[Site "Graechen"]
[Date "2013.07.13"]
[Round "3"]
[White "Saikrishnan, Sai"]
[Black "Miezis, Normunds"]
[Result "0-1"]
[WhiteElo "1912"]
[BlackElo "2549"]
[PlyCount "70"]
[EventDate "2013.07.11"]
[EventType "swiss"]
[EventRounds "9"]
[EventCountry "SUI"]
[SourceTitle "CBM 155 Extra"]
[Source "ChessBase"]
[SourceDate "2013.08.26"]
[SourceVersion "1"]
[SourceVersionDate "2013.08.26"]
[SourceQuality "1"]

1. d4 Nf6 2. c4 c5 3. d5 e6 4. Nc3 exd5 5. cxd5 Bd6 6. Nf3 Bc7 7. Bg5 d6 8. e4 0-0 9. Bd3 a6 10. a4 Re8 11. 0-0 h6 12. Bh4 Nbd7 13. Qc2 Nf8 14. Rae1 Ng6 15. Bg3 Nh5 16. Nd2 Nxg3 17. hxg3 Ne5 18. Nc4 Rb8 19. Ne3 Nxd3 20. Qxd3 b5 21. b3 Ba5 22. Rc1 Qf6 23. Ne2 Qe5 24. Nd1 Qxe4 25. Qxe4 Rxe4 26. Ndc3 Re7 27. axb5 axb5 28. Ra1 Bb4 29. Rfc1 g5 30. Kf1 Bf5 31. Ra2 Bd3 32. Rd2 c4 33. bxc4 Bxc4 34. Rcc2 Ra8 35. Nb1 Bxd2 0-1

[Event "Zuerich op-B 34th"]
[Site "Zuerich"]
[Date "2010.12.30"]
[Round "7"]
[White "Sprenger, Raphael"]
[Black "Saikrishnan, Sai"]
[Result "0-1"]
[WhiteElo "1997"]
[BlackElo "1911"]
[PlyCount "92"]
[EventDate "2010.12.26"]
[EventType "swiss"]
[EventRounds "7"]
[EventCountry "SUI"]
[SourceTitle "CBM 140 Extra"]
[Source "ChessBase"]
[SourceDate "2011.03.01"]
[SourceVersion "1"]
[SourceVersionDate "2011.03.01"]
[SourceQuality "1"]

1. e4 e5 2. Nf3 Nc6 3. Bb5 a6 4. Ba4 Nf6 5. 0-0 Be7 6. Re1 b5 7. Bb3 d6 8. c3 0-0 9. d4 Bb7 10. Nbd2 Re8 11. Ng5 Rf8 12. d5 Nb8 13. Ndf3 Nbd7 14. Kh1 Re8 15. Ng1 Nc5 16. Bc2 Bf8 17. b4 Ncd7 18. Re3 Nb6 19. Rh3 g6 20. Qf3 c6 21. Rxh7 Bg7 22. Rh3 cxd5 23. exd5 Bxd5 24. Qg3 Qd7 25. f3 e4 26. fxe4 Bxe4 27. Bxe4 Nxe4 28. Qh4 Qf5 29. Rf3 Qd5 30. Nxf7 Bf6 31. Nh6+ Kg7 32. Qg4 Nc4 33. Bf4 Ne5 34. Bxe5 Rxe5 35. Nh3 Kxh6 36. Nf4 Qf7 37. Raf1 Kg7 38. Nd3 Re6 39. Nf4 Re5 40. Nd3 Re7 41. Nf4 Rh8 42. g3 Nd2 43. Nxg6 Qxg6 44. Qxg6+ Kxg6 45. Rxf6+ Kg7 46. R1f5 Ne4 0-1

[Event "Zuerich op-B 33rd"]
[Site "Zuerich"]
[Date "2009.12.28"]
[Round "4"]
[White "Hoffmann, Roger"]
[Black "Saikrishnan, Sai"]
[Result "1-0"]
[WhiteElo "1998"]
[BlackElo "1891"]
[PlyCount "91"]
[EventDate "2009.12.26"]
[EventType "swiss"]
[EventRounds "7"]
[EventCountry "SUI"]
[SourceTitle "EXT 2019"]
[Source "ChessBase"]
[SourceDate "2018.10.10"]
[SourceVersion "1"]
[SourceVersionDate "2018.10.10"]
[SourceQuality "1"]

1. d4 Nf6 2. Nf3 e6 3. c4 Bb4+ 4. Nc3 0-0 5. Bg5 Be7 6. e3 d6 7. Bd3 Nc6 8. Rc1 h6 9. Bh4 Ng4 10. Bg3 f5 11. h3 Nf6 12. Nh4 Qe8 13. d5 Nb4 14. Bb1 Nh5 15. 0-0 Nxg3 16. fxg3 Bxh4 17. gxh4 e5 18. a3 Na6 19. b4 Bd7 20. Ne2 Qe7 21. Ng3 Qxh4 22. Nxf5 Bxf5 23. Rxf5 Rxf5 24. Bxf5 Rf8 25. Qg4 Qxg4 26. Bxg4 c5 27. b5 Nc7 28. a4 b6 29. a5 g6 30. Ra1 h5 31. Bd7 Rb8 32. axb6 axb6 33. Ra7 Ne8 34. Bxe8 Rxe8 35. Rb7 Rd8 36. Rxb6 Rd7 37. Ra6 Kf7 38. Ra8 Kf6 39. Kf2 g5 40. Kf3 Kf5 41. Rf8+ Kg6 42. Ke4 Kg7 43. Ra8 Kg6 44. Re8 g4 45. Rg8+ Kf7 46. Rh8 1-0

[Event "SUI-ch U12"]
[Site "Winterthur"]
[Date "2007.10.07"]
[Round "5"]
[White "Kupper, Nicolas"]
[Black "Saikrishnan, Sai"]
[Result "1-0"]
[WhiteElo "1616"]
[BlackElo "1686"]
[PlyCount "93"]
[EventDate "2007.10.05"]
[EventType "swiss"]
[EventRounds "7"]
[EventCountry "SUI"]
[SourceTitle "EXT 2009"]
[Source "ChessBase"]
[SourceDate "2008.11.26"]
[SourceVersion "1"]
[SourceVersionDate "2008.11.26"]
[SourceQuality "1"]

1. e4 c6 2. d4 d5 3. exd5 cxd5 4. Bd3 Nc6 5. c3 Nf6 6. Bf4 e6 7. Nf3 Bd6 8. Bxd6 Qxd6 9. 0-0 0-0 10. Nbd2 Re8 11. Re1 e5 12. dxe5 Nxe5 13. Nxe5 Rxe5 14. Rxe5 Qxe5 15. Nf3 Qe7 16. Qb3 Be6 17. Nd4 Ne4 18. Bxe4 dxe4 19. Nxe6 fxe6 20. Re1 e3 21. Rxe3 Re8 22. h3 Kh8 23. Kh1 Qf7 24. f3 Qd7 25. Re4 e5 26. Qa3 a6 27. Rxe5 h6 28. Rxe8+ Qxe8 29. Qd6 Qa4 30. Qb8+ Kh7 31. Qxb7 Qd1+ 32. Kh2 Qd6+ 33. f4 Qxf4+ 34. g3 Qc1 35. Qe4+ Kh8 36. Qe2 Qb1 37. a3 Qa2 38. Qc2 Qf7 39. c4 Qc7 40. b4 Qc6 41. c5 Kg8 42. a4 Kh8 43. h4 Kg8 44. Qc4+ Kh8 45. b5 axb5 46. axb5 Qf3 47. Qc2 1-0